[Event "HUN Youth Ch U12 Girls Final"]
[Site "?"]
[Date "2013.06.26"]
[Round "6.1"]
[White "Kiss, Rebeka"]
[Black "Terjek, Agota"]
[Result "1-0"]
[WhiteElo "1512"]
[BlackElo "1314"]
[PlyCount "97"]
[EventDate "2013.??.??"]

1. e4 c5 2. Nf3 d6 3. d4 cxd4 4. Nxd4 Nf6 5. Nc3 Nc6 6. Bc4 Bd7 7. Nxc6 Bxc6 8.
f3 g6 9. Be3 Bg7 10. Qd2 O-O 11. O-O-O a6 12. Bh6 Rc8 13. Bxg7 Kxg7 14. Bb3 b5
15. g4 Nd7 16. h4 Nc5 17. h5 Nxb3+ 18. axb3 Rh8 19. h6+ Kf8 20. Rhf1 b4 21. Qd4
f6 22. Qxb4 Rb8 23. Qd4 Qa5 24. Kb1 Rb4 25. Qd2 Kf7 26. Na2 Rb5 27. Qxa5 Rxa5
28. Nb4 Bb7 29. Nd5 Rc8 30. Rd4 Rac5 31. Ne3 Ke6 32. Rc4 Rxc4 33. Nxc4 Bc6 34.
Rf2 Bb5 35. Nd2 f5 36. g5 Rf8 37. c4 Bc6 38. Re2 Kd7 39. e5 dxe5 40. Rxe5 e6
41. f4 Rd8 42. Kc2 Ra8 43. Ra5 Kc7 44. b4 Kb6 45. Kb3 Rd8 46. Kc3 Bd7 47. Nb3
Ra8 48. Nd4 Ra7 49. Re5 1-0

[Event "HUN Youth Ch U12 Girls Final"]
[Site "?"]
[Date "2013.06.26"]
[Round "6.2"]
[White "Erseki, Tamara"]
[Black "Mayer, Boglarka"]
[Result "1-0"]
[WhiteElo "1632"]
[BlackElo "1392"]
[PlyCount "57"]
[EventDate "2013.??.??"]

1. e4 e6 2. d4 d5 3. Nd2 a6 4. Ngf3 Nf6 5. e5 Nfd7 6. Nb3 c5 7. Be3 cxd4 8.
Nbxd4 Be7 9. c3 Nc6 10. Nxc6 bxc6 11. Bd3 Nc5 12. Bc2 O-O 13. O-O f6 14. b4 Ne4
15. Bxe4 dxe4 16. Nd4 Qc7 17. Qb3 Qd7 18. Nf5 Kh8 19. Nxe7 Qxe7 20. Bc5 Qf7 21.
Bxf8 Qxf8 22. exf6 Qxf6 23. Qc4 Bb7 24. Qxe4 Qxc3 25. Qxe6 h6 26. Qd7 Rb8 27.
Qc7 Rf8 28. Qxb7 Qc4 29. Rac1 1-0

[Event "HUN Youth Ch U12 Girls Final"]
[Site "?"]
[Date "2013.06.26"]
[Round "6.3"]
[White "Lengyel, Andrea"]
[Black "Laszlo, Dalma"]
[Result "1-0"]
[WhiteElo "1713"]
[BlackElo "1345"]
[PlyCount "59"]
[EventDate "2013.??.??"]

1. d4 d5 2. Nf3 e6 3. c4 f5 4. e3 Nf6 5. Bd3 c6 6. O-O Bd6 7. b3 O-O 8. Ba3 h6
9. Bxd6 Qxd6 10. Qc2 Kh8 11. Ne5 Kg8 12. Nd2 g5 13. Kh1 Nbd7 14. Nef3 Kh8 15.
Qb2 Kg7 16. Be2 Ne4 17. Nxe4 fxe4 18. Nd2 e5 19. Rad1 exd4 20. cxd5 Qxd5 21.
Bc4 Qe5 22. exd4 Qf5 23. d5+ Kg6 24. dxc6 bxc6 25. Nxe4 Qf4 26. Ng3 Nb6 27.
Bd3+ Bf5 28. Bxf5+ Rxf5 29. Nxf5 Kxf5 30. Qc2+ 1-0

[Event "HUN Youth Ch U12 Girls Final"]
[Site "?"]
[Date "2013.06.26"]
[Round "6.5"]
[White "Kovacs, Judit"]
[Black "Kurucz, Blanka"]
[Result "1-0"]
[WhiteElo "1669"]
[BlackElo "1406"]
[PlyCount "105"]
[EventDate "2013.??.??"]

1. c4 c5 2. g3 g6 3. Bg2 Bg7 4. Nf3 Nc6 5. d3 d6 6. Nc3 Bf5 7. O-O Qd7 8. a3
Bh3 9. Rb1 Bxg2 10. Kxg2 Nf6 11. Bd2 O-O 12. b4 b6 13. b5 Nd4 14. Nxd4 cxd4 15.
Na2 d5 16. Nb4 dxc4 17. dxc4 Ne4 18. Nc6 Qb7 19. Kg1 a6 20. Bb4 Nc3 21. Nxe7+
Kh8 22. bxa6 Rxa6 23. Bxc3 dxc3 24. Nd5 Rxa3 25. Rxb6 Qa7 26. Rb3 Rd8 27. Qc2
Ra2 28. Qc1 c2 29. Nb4 Qb6 30. c5 Qb5 31. c6 Raa8 32. Qxc2 Rdc8 33. Rd1 Qe5 34.
Rbd3 Qc7 35. Rd7 Qb6 36. c7 h5 37. Qc6 Qxc6 38. Nxc6 Bf6 39. Rxf7 Kg8 40. Rxf6
Rxc7 41. Rxg6+ Kf7 42. Rh6 Kg7 43. Rdd6 Ra1+ 44. Kg2 Rc1 45. e4 Rc5 46. e5
R7xc6 47. Rxc6 Rxe5 48. Rhd6 Kf7 49. Rd7+ Ke8 50. Rh7 Kd8 51. Ra6 Rc5 52. Ra8+
Rc8 53. Rh8+ 1-0

[Event "HUN Youth Ch U14 Girls Final"]
[Site "?"]
[Date "2013.06.26"]
[Round "6.1"]
[White "Szakasics, Emese"]
[Black "Vanczak, Virag"]
[Result "1-0"]
[WhiteElo "1655"]
[BlackElo "1385"]
[PlyCount "79"]
[EventDate "2013.??.??"]

1. e4 c5 2. Nf3 d6 3. d4 cxd4 4. Nxd4 Nf6 5. Nc3 a6 6. Be3 e6 7. Be2 Be7 8. O-O
Qc7 9. f4 Nbd7 10. Bf3 Rb8 11. Qe1 b5 12. a3 Bb7 13. Qg3 O-O 14. Rae1 Rfc8 15.
h4 Nb6 16. f5 e5 17. Nb3 Nc4 18. Bc1 Ba8 19. h5 a5 20. Bh6 Kf8 21. Qxg7+ Ke8
22. Bc1 Nxa3 23. Bg5 Qd8 24. Bxf6 Bxf6 25. Qxh7 Nxc2 26. Re2 Nb4 27. Qg8+ Ke7
28. Qxd8+ Rxd8 29. Nxa5 Kd7 30. Rd1 Nc6 31. Nxc6 Bxc6 32. Nd5 Bg7 33. f6 Bh6
34. Bg4+ Ke8 35. Ne7 Rb6 36. Nf5 Bg5 37. Ng7+ Kf8 38. Rf1 b4 39. Rf5 Bd7 40.
Rxg5 1-0

[Event "HUN Youth Ch U14 Girls Final"]
[Site "?"]
[Date "2013.06.26"]
[Round "6.3"]
[White "Kurcsics, Erika"]
[Black "Szuhai, Beata Barbara"]
[Result "1-0"]
[WhiteElo "1743"]
[BlackElo "1529"]
[PlyCount "87"]
[EventDate "2013.??.??"]

1. e4 e6 2. Nf3 d5 3. Nc3 Bb4 4. exd5 exd5 5. Qe2+ Ne7 6. Qb5+ Nbc6 7. Nd4 Bxc3
8. dxc3 O-O 9. Nxc6 Nxc6 10. Be2 Re8 11. Be3 a6 12. Qd3 Ne5 13. Qd4 c6 14. O-O
Bf5 15. Rac1 Qf6 16. Bf4 Nd7 17. Qxf6 Nxf6 18. Rfe1 Re6 19. Bd3 Rae8 20. Rxe6
Bxe6 21. f3 b5 22. a4 c5 23. axb5 c4 24. Be2 axb5 25. Kf2 Ra8 26. Bd6 h6 27. h3
Rd8 28. Be7 Rd7 29. Bxf6 gxf6 30. Ra1 d4 31. cxd4 Rxd4 32. Ke3 Rd5 33. Rd1 Rxd1
34. Bxd1 Kg7 35. Kd4 Kg6 36. Kc5 Bd7 37. b3 cxb3 38. cxb3 Kf5 39. g3 Ke5 40. h4
f5 41. Bc2 h5 42. f4+ Kf6 43. b4 Ke6 44. Bd1 1-0

[Event "HUN Youth Ch U14 Girls Final"]
[Site "?"]
[Date "2013.06.26"]
[Round "6.4"]
[White "Nemeth, Noemi Anna"]
[Black "Simon, Lili"]
[Result "0-1"]
[WhiteElo "1444"]
[BlackElo "1853"]
[PlyCount "82"]
[EventDate "2013.??.??"]

1. e4 e5 2. Nf3 Nc6 3. d4 exd4 4. Nxd4 Nf6 5. Nxc6 bxc6 6. Bd3 d5 7. Qe2 Be6 8.
Bg5 Be7 9. exd5 cxd5 10. Bxf6 Bxf6 11. Bb5+ Kf8 12. c3 g6 13. O-O Kg7 14. Nd2
Qd6 15. Nf3 c6 16. Bd3 Bg4 17. h3 Rhe8 18. Qd1 Bxf3 19. Qxf3 Rab8 20. Rab1 Rb7
21. Rfc1 a5 22. b3 Rbe7 23. Qg3 Qxg3 24. fxg3 Re3 25. Ba6 Rxc3 26. Rxc3 Bxc3
27. Rd1 Re7 28. Bd3 d4 29. g4 h6 30. Kf2 c5 31. Kf1 Re6 32. Kf2 Rb6 33. Kf3 Re6
34. Kf2 Kf6 35. h4 Re5 36. Kg1 Be1 37. Kf1 Bxh4 38. Bc4 Re4 39. Be2 Ke5 40. Bf3
Re3 41. Rd2 Re1# 0-1

[Event "HUN Youth Ch U14 Girls Final"]
[Site "?"]
[Date "2013.06.26"]
[Round "6.5"]
[White "Koltai, Anna"]
[Black "Kassay, Lilla"]
[Result "1/2-1/2"]
[WhiteElo "1579"]
[BlackElo "1741"]
[PlyCount "69"]
[EventDate "2013.??.??"]

1. e4 c5 2. Nf3 e6 3. d4 cxd4 4. Nxd4 a6 5. Nc3 d6 6. Be3 Nf6 7. f3 Be7 8. Qd2
b5 9. O-O-O e5 10. Nb3 Be6 11. Nd5 Bxd5 12. exd5 Qc7 13. g4 O-O 14. h4 Rc8 15.
Qf2 Nbd7 16. h5 b4 17. g5 Ne8 18. g6 fxg6 19. hxg6 h6 20. Bh3 Bf8 21. Be6+ Kh8
22. Qd2 Nef6 23. Bxh6 gxh6 24. g7+ Bxg7 25. Rdg1 Nf8 26. Bxc8 Rxc8 27. Kb1 N8h7
28. Qd3 Qc4 29. Qg6 Qc7 30. Qd3 Ra8 31. Nd2 Qb7 32. Nc4 Rd8 33. Qg6 Qa7 34. Ne3
Rg8 35. Qd3 1/2-1/2

[Event "HUN Youth Ch U16 Girls Final"]
[Site "?"]
[Date "2013.06.26"]
[Round "6.1"]
[White "Acs, Petra"]
[Black "Terbe, Julianna"]
[Result "0-1"]
[WhiteElo "1699"]
[BlackElo "1928"]
[PlyCount "78"]
[EventDate "2013.??.??"]

1. e4 Nf6 2. d3 e5 3. Nc3 d5 4. Bg5 dxe4 5. dxe4 Be7 6. Qxd8+ Bxd8 7. Nf3 Nbd7
8. h3 O-O 9. O-O-O c6 10. Bc4 b5 11. Bd3 Re8 12. a3 h6 13. Bh4 Nc5 14. Rhe1 Bb7
15. Rd2 a5 16. Rde2 Nh5 17. Bg3 Nxg3 18. fxg3 b4 19. Nb1 Nxd3+ 20. cxd3 Bb6 21.
Rd1 Rad8 22. Kc2 Ba6 23. b3 Rd7 24. Red2 f6 25. Ne1 Red8 26. g4 Be3 27. Re2 Bf4
28. axb4 axb4 29. Kb2 Bb5 30. g3 Bxg3 31. Ng2 Rxd3 32. Rxd3 Bxd3 33. Re3 Bf2
34. Rf3 Bd4+ 35. Kc1 Bxe4 36. Rg3 Bf2 37. Nd2 Rxd2 38. Kxd2 Bxg3 39. Ne3 Bf4
0-1

[Event "HUN Youth Ch U16 Girls Final"]
[Site "?"]
[Date "2013.06.26"]
[Round "6.2"]
[White "Haszon, Kamilla Sara"]
[Black "Arvai, Eszter"]
[Result "1-0"]
[WhiteElo "1916"]
[BlackElo "1889"]
[PlyCount "101"]
[EventDate "2013.??.??"]

1. e4 e5 2. Nf3 Nc6 3. Bb5 Nge7 4. O-O g6 5. c3 a6 6. Ba4 Bg7 7. d4 b5 8. Bb3
exd4 9. cxd4 d6 10. h3 h6 11. Nc3 Na5 12. Bc2 O-O 13. a4 b4 14. Ne2 Rb8 15. b3
c5 16. Rb1 c4 17. bxc4 Nxc4 18. Qd3 Qc7 19. Nd2 d5 20. Nxc4 dxc4 21. Qf3 Qd7
22. Bf4 Rb7 23. e5 a5 24. Be4 Ra7 25. d5 f5 26. exf6 Rxf6 27. d6 Nf5 28. Bc6
Qd8 29. Rfd1 c3 30. Nxc3 bxc3 31. d7 Rxc6 32. Qxc6 Rxd7 33. Rxd7 Qxd7 34. Qxg6
Qe6 35. Qh5 Qe4 36. Rb8 Qxf4 37. Rxc8+ Kh7 38. Rc5 Qc1+ 39. Kh2 Qf4+ 40. Kg1
Qc1+ 41. Kh2 Be5+ 42. g3 Bxg3+ 43. Kg2 Ng7 44. Qf3 Bf4 45. Rxc3 Qd2 46. Qe4+
Kg8 47. Rd3 Qc1 48. Rd7 Bg5 49. h4 Bxh4 50. Qd5+ Kh7 51. Qf5+ 1-0

[Event "HUN Youth Ch U16 Girls Final"]
[Site "?"]
[Date "2013.06.26"]
[Round "6.3"]
[White "Miseta, Nora"]
[Black "Terbe, Zsuzsanna"]
[Result "1/2-1/2"]
[WhiteElo "1619"]
[BlackElo "1866"]
[PlyCount "137"]
[EventDate "2013.??.??"]

1. e4 c5 2. Nf3 Nc6 3. d4 cxd4 4. Nxd4 Nf6 5. Nc3 e5 6. Ndb5 d6 7. Bg5 a6 8.
Na3 b5 9. Nd5 Be7 10. Bxf6 Bxf6 11. c4 b4 12. Nc2 a5 13. g3 O-O 14. Bg2 Bg5 15.
O-O Rb8 16. Qd3 f5 17. f4 exf4 18. gxf4 Bh6 19. Nde3 Ne7 20. Rad1 fxe4 21. Bxe4
g6 22. Qxd6 Qxd6 23. Rxd6 Bxf4 24. Rdd1 b3 25. axb3 Rxb3 26. Ng2 Be5 27. Bd5+
Nxd5 28. Rxf8+ Kxf8 29. Rxd5 Rxb2 30. Nge3 Bc7 31. Rc5 Rxc2 32. Rxc7 Rc1+ 33.
Kg2 Be6 34. Ra7 Bxc4 35. Nxc4 Rxc4 36. Rxa5 Kg7 37. Kg3 Kh6 38. h4 Rc7 39. Kg4
Rc4+ 40. Kg3 Rc1 41. Rb5 Rg1+ 42. Kh2 Rg4 43. Kh3 Rf4 44. Kg3 Rf5 45. Rb4 Kh5
46. Ra4 Rf1 47. Ra5+ Rf5 48. Ra4 Rc5 49. Ra3 Rc1 50. Ra5+ Kh6 51. Rb5 Rg1+ 52.
Kh2 Rg4 53. Kh3 Rf4 54. Kg3 Rf5 55. Rb4 Kg7 56. Rb7+ Rf7 57. Rb6 Re7 58. Ra6
Kf7 59. Rb6 Re6 60. Rb7+ Re7 61. Rb6 h6 62. h5 Re3+ 63. Kg4 Re4+ 64. Kg3 Re3+
65. Kg4 gxh5+ 66. Kxh5 Rh3+ 67. Kg4 Rh1 68. Rb5 Kg6 69. Rb6+ 1/2-1/2

[Event "HUN Youth Ch U16 Girls Final"]
[Site "?"]
[Date "2013.06.26"]
[Round "6.4"]
[White "Fekete, Agnes"]
[Black "Werner, Anna"]
[Result "0-1"]
[WhiteElo "1701"]
[BlackElo "1871"]
[PlyCount "140"]
[EventDate "2013.??.??"]

1. c4 e5 2. d3 c6 3. Nf3 Nf6 4. g3 Bc5 5. Bg2 d6 6. O-O O-O 7. Nc3 h6 8. a3 a5
9. Rb1 Be6 10. b4 axb4 11. axb4 Bb6 12. Na4 Nbd7 13. Bd2 d5 14. Nxb6 Qxb6 15.
b5 Qc7 16. bxc6 bxc6 17. cxd5 cxd5 18. Qc1 Rfc8 19. Qxc7 Rxc7 20. Rfc1 Rac8 21.
Rxc7 Rxc7 22. Rb5 Rc2 23. Ba5 Rxe2 24. h3 Rc2 25. Bd8 Rc1+ 26. Kh2 Rd1 27. Bc7
e4 28. dxe4 Nxe4 29. Rb2 Ndc5 30. Ne5 Rd2 31. Rb8+ Kh7 32. f3 Nf2 33. g4 Na6
34. Rb7 Nxc7 35. Rxc7 Nd1 36. Rc1 Ne3 37. Rg1 d4 38. Kg3 Bd5 39. Bf1 f6 40. Nd7
Rd1 41. Kf2 Nxf1 42. Rxf1 Rxf1+ 43. Kxf1 Bxf3 44. Kf2 Bd1 45. Nc5 h5 46. Kg3
hxg4 47. hxg4 Be2 48. Kf4 Kg6 49. Nb3 d3 50. Nd2 Kf7 51. g5 Ke6 52. gxf6 Kxf6
53. Ne4+ Kg6 54. Ke5 Kh5 55. Kf4 Kh4 56. Ke3 g5 57. Kf2 g4 58. Nd2 Kg5 59. Kg3
Kf5 60. Kg2 Ke5 61. Kf2 Kd4 62. Nb1 Kc4 63. Ke3 g3 64. Nd2+ Kc3 65. Nb1+ Kb2
66. Nd2 Kc2 67. Ne4 g2 68. Kf2 Bf1 69. Ng3 d2 70. Nxf1 gxf1=Q+ 0-1

[Event "HUN Youth Ch U18 Girls Final"]
[Site "?"]
[Date "2013.06.28"]
[Round "6.1"]
[White "Karikas, Marianna"]
[Black "Juhasz, Barbara"]
[Result "1/2-1/2"]
[WhiteElo "1833"]
[BlackElo "2153"]
[PlyCount "39"]
[EventDate "2013.??.??"]

1. d4 Nf6 2. Nf3 g6 3. Bg5 Bg7 4. Nbd2 d5 5. e3 O-O 6. Be2 c5 7. c3 h6 8. Bh4
Qb6 9. Qb3 Nc6 10. O-O Re8 11. Bxf6 Bxf6 12. Qxd5 cxd4 13. Nc4 Qc7 14. exd4 Bf5
15. Qb5 e6 16. Rfe1 Red8 17. h3 h5 18. Rac1 Bg7 19. Red1 Rac8 20. Ne3 1/2-1/2

[Event "HUN Youth Ch U18 Girls Final"]
[Site "?"]
[Date "2013.06.28"]
[Round "6.2"]
[White "Horvath, Ilona Klara"]
[Black "Szente Varga, Fruzsina"]
[Result "0-1"]
[WhiteElo "1922"]
[BlackElo "2003"]
[PlyCount "74"]
[EventDate "2013.??.??"]

1. e4 c5 2. d4 cxd4 3. c3 Nf6 4. e5 Nd5 5. Nf3 Nc6 6. Bc4 Nb6 7. Bb3 g6 8. cxd4
Bg7 9. O-O O-O 10. Nc3 d5 11. a3 Bg4 12. h3 Bxf3 13. gxf3 e6 14. Qd3 Qh4 15. f4
f6 16. Ne2 g5 17. Qg3 Qh5 18. Qg4 Qxg4+ 19. hxg4 gxf4 20. Bxf4 fxe5 21. dxe5
Bxe5 22. Bxe5 Nxe5 23. Nd4 Nf3+ 24. Nxf3 Rxf3 25. Bd1 Rf4 26. Re1 Kf7 27. Rc1
Rc8 28. Rxc8 Nxc8 29. Kg2 Nd6 30. f3 Nc4 31. Re2 h6 32. Kg3 Rd4 33. Bb3 Nd2 34.
Bc2 Nc4 35. Bb3 Nd6 36. Bc2 Kf6 37. f4 Nf7 0-1